|
|
|
|
| LEADER |
01241nam a2200289 a 4500 |
| 001 |
1044952 |
| 003 |
BD-DhAAL |
| 008 |
091007s1985 enka b 001 0 eng d |
| 999 |
|
|
|c 4310
|d 4310
|
| 010 |
|
|
|a 89181995
|
| 020 |
|
|
|a 0333395700 :
|c £20.00
|
| 020 |
|
|
|a 0333395719 (pbk.)
|
| 040 |
|
|
|a MH
|c MH
|d DLC
|
| 082 |
0 |
0 |
|a 362.1989200091724
|2 19
|
| 100 |
1 |
|
|a Ebrahim, G. J.
|9 29407
|
| 245 |
1 |
0 |
|a Social and community paediatrics in developing countries :
|b caring for the rural and urban poor /
|c G.J. Ebrahim.
|
| 260 |
|
|
|a Houndmills, Basingstoke, Hampshire :
|b Macmillan,
|c 1985.
|
| 300 |
|
|
|a x, 210 p. :
|b ill. ;
|c 25 cm.
|
| 504 |
|
|
|a Includes bibliographical references.
|
| 541 |
1 |
|
|e 00003387
|
| 650 |
|
0 |
|a Community health services for children
|z Developing countries.
|9 29408
|
| 650 |
|
0 |
|a Poor
|x Medical care
|z Developing countries.
|9 29409
|
| 650 |
|
0 |
|a Public health
|z Developing countries.
|9 29410
|
| 650 |
|
0 |
|a Medical care
|z Developing countries.
|9 29411
|
| 852 |
4 |
|
|a Ayesha Abed Library
|j General Shelf.
|
| 942 |
|
|
|2 ddc
|c BK
|
| 952 |
|
|
|0 0
|1 0
|2 ddc
|4 0
|6 362_198920009172400_EBR_1985
|7 0
|9 3981
|a BRACUL
|b BRACUL
|c GEN
|d 2009-10-08
|g 0.00
|l 0
|o 362.1989200091724 EBR
|p 3010003387
|r 2009-10-08
|t 1
|w 2009-10-08
|y BK
|x No price found in the accession register.
|